000
00217nam a22000977a 4500
999
_c
260957
_d
260956
020
_a
9780545808286
100
_a
Russell Julian
245
_a
Ten Shiny Snowflakes
260
_a
New York
_b
Scholastic
_c
2012
942
_c
BK